Historias ecclesiasticas y seculares de Aragon (Record no. 152220)
[ view plain ]
| 000 -LEADER | |
|---|---|
| campo de control de longitud fija | 01382nam a2200241 i 4500 |
| 001 - NÚMERO DE CONTROL | |
| campo de control | 152220 |
| 003 - IDENTIFICADOR DE NÚMERO DE CONTROL | |
| campo de control | ES-MaACL |
| 005 - FECHA Y HORA DE LA ÚLTIMA TRANSACCIÓN | |
| campo de control | 20230906204603.0 |
| 008 - DATOS DE LONGITUD FIJA--INFORMACIÓN GENERAL | |
| campo de control de longitud fija | 931025s1622 sp |||| |dspa d |
| 100 1# - ENTRADA PRINCIPAL--NOMBRE DE PERSONA | |
| Nombre de persona | Blasco de Lanuza, Vincencio. |
| 9 (RLIN) | 29386 |
| 245 10 - MENCIÓN DEL TÍTULO | |
| Título | Historias ecclesiasticas y seculares de Aragon |
| Resto del título | : en que se continuan los Annales de Çurita y tiempos de Carlos V con historias ecclesiasticas antiguas y modernas que hasta aora no han visto luz ni estampa : contiene ... cinco libros, desde la guerra de Granada hasta ... 1556 : tomo primero ... / |
| Mención de responsabilidad, etc. | por ... Vincencio Blasco de Lanuza ... |
| 260 ## - PUBLICACIÓN, DISTRIBUCIÓN, ETC. | |
| Lugar de publicación, distribución, etc. | En Çaragoça : |
| Nombre del editor, distribuidor, etc. | por Iuan de Lanaia y Quartanet ..., |
| Fecha de publicación, distribución, etc. | 1622. |
| 300 ## - DESCRIPCIÓN FÍSICA | |
| Extensión | [20], 568, [12] p. ; |
| Dimensiones | Fol. |
| 597 ## - NOTA DE DESCRIPCIÓN FÍSICA | |
| NOTA DE DESCRIPCIÓN FÍSICA | Sign.: [curz latina]8, 2[cruz latina]², A-K6, L8, M-Z6, 2A-2Z6, 3A-3B6. |
| 597 ## - NOTA DE DESCRIPCIÓN FÍSICA | |
| NOTA DE DESCRIPCIÓN FÍSICA | Texto a dos columnas. |
| 597 ## - NOTA DE DESCRIPCIÓN FÍSICA | |
| NOTA DE DESCRIPCIÓN FÍSICA | Portada con escudo xilográfico real. |
| 650 04 - PUNTO DE ACCESO ADICIONAL DE MATERIA--TÉRMINO DE MATERIA | |
| Término de materia o nombre geográfico como elemento de entrada | Historiografía- |
| Subdivisión geográfica | Aragón. |
| 9 (RLIN) | 146762 |
| 651 #4 - PUNTO DE ACCESO ADICIONAL DE MATERIA--NOMBRE GEOGRÁFICO | |
| Nombre geográfico | Aragón (Reino)- |
| Subdivisión general | Historia. |
| 9 (RLIN) | 7791 |
| 651 #4 - PUNTO DE ACCESO ADICIONAL DE MATERIA--NOMBRE GEOGRÁFICO | |
| Nombre geográfico | Aragón (Reino)- |
| Subdivisión general | Historia eclesiástica. |
| 9 (RLIN) | 7793 |
| 700 1# - ENTRADA AGREGADA--NOMBRE PERSONAL | |
| Nombre de persona | Lanaja y Quartanet, Juan de. |
| 9 (RLIN) | 128645 |
| 852 ## - LOCALIZACIÓN | |
| Ubicación | ES-MaACL |
| Número de control de estantería | R-3381 |
| condición física | -- Port. rota, afectando a la fecha |
| Nota libre | . - Enc. perg. |
| -- | . - Ex-libris ms. de Juan Bautista Noli |
| 856 ## - LOCALIZACIÓN Y ACCESO ELECTRÓNICOS | |
| Identificador Uniforme de Recursos | <a href="http://bibliotecadigitalhispanica.bne.es:80/webclient/DeliveryManager?pid=1930931&custom_att_2=simple_viewer">http://bibliotecadigitalhispanica.bne.es:80/webclient/DeliveryManager?pid=1930931&custom_att_2=simple_viewer</a> |
| Nota pública | Ir a la página |
| Estatus retirado | Estado de pérdida | Fuente del sistema de clasificación o colocación | Estado de daño | No para préstamo | Colección | Biblioteca de origen | Biblioteca actual | Ubicación en estantería | Fecha de adquisición | Total de préstamos | Signatura topográfica completa | Código de barras | Visto por última vez | Precio de reemplazo | Tipo de ítem Koha |
|---|---|---|---|---|---|---|---|---|---|---|---|---|---|---|---|
| Clasificación decimal universal | Libros del s. XVII | Biblioteca del Ateneo de Madrid | Biblioteca del Ateneo de Madrid | Depósito | 17/01/2008 | R-3381 | 1158919 | 23/02/2023 | 23/02/2023 | Libro impreso antiguo |
